Normal view
MARC view
- Hajj & Umrah Guide
Entry Topical Term
001 - CONTROL NUMBER
- control field: 104562
003 - CONTROL NUMBER IDENTIFIER
- control field: NUST
005 - DATE AND TIME OF LATEST TRANSACTION
- control field: 20221209143110.0
008 - FIXED-LENGTH DATA ELEMENTS
- fixed length control field: 221209|| aca||aabn | a|a d
040 ## - CATALOGING SOURCE
- Original cataloging agency: NUST
- Transcribing agency: NUST
150 ## - HEADING--TOPICAL TERM
- Topical term or geographic name entry element: Hajj & Umrah Guide
670 ## - SOURCE DATA FOUND
- Source citation: Work cat.: (NUST)185393: Abdur, Rauf 73276, Hajj & Umrah Guide /, 1995
